[Event "38th ECC Open 2023"]
[Site "Durres ALB"]
[Date "2023.10.01"]
[Round "1.5"]
[Board "1"]
[White "Korobov, Anton"]
[Black "Ledger, Andrew J"]
[Result "1-0"]
[WhiteTitle "GM"]
[BlackTitle "IM"]
[WhiteElo "2658"]
[BlackElo "2314"]
[WhiteTeam "Schachclub Viernheim 1934 e.V."]
[BlackTeam "Blackthorne"]
[WhiteFideId "14105730"]
[BlackFideId "400610"]
[EventDate "2023.10.01"]

1. d4 d5 2. Nf3 Nf6 3. c4 c6 4. Nc3 dxc4 5. a4 Bf5 6. e3 e6 7. Bxc4 Bb4 8. O-O
Nbd7 9. Qe2 Bg6 10. e4 O-O 11. Bd3 Bh5 12. e5 Nd5 13. Nxd5 cxd5 14. Qe3 Re8 15.
Ng5 Bg6 16. Bxg6 fxg6 17. a5 Nf8 18. a6 b5 19. Bd2 Be7 20. h4 h6 21. Nf3 Rc8 22.
Qd3 Qb6 23. Ra5 Rc6 24. Qxb5 Rb8 25. Qxb6 Rbxb6 26. Bc3 Nd7 27. Raa1 Rxa6 28.
Ba5 Rc4 29. b4 Bxb4 30. Bxb4 Rxa1 31. Rxa1 Rxb4 32. Rxa7 Nb8 33. Re7 Rb6 34. Kf1
Kf8 35. Rc7 Nc6 36. Ke2 Ne7 37. Rc2 Ke8 38. g3 Nc6 39. Rc3 Kd7 40. Ke3 Rb4 41.
Ra3 Kc7 42. Ra8 Rb8 43. Rxb8 Kxb8 44. Ne1 Kc7 45. Nd3 Kd7 46. Nf4 Ne7 47. g4 h5
48. f3 hxg4 49. fxg4 Nc6 50. Nxg6 Ke8 51. Nf4 Kf7 52. h5 Ne7 53. Kd3 Nc6 54. Kc3
Na5 55. g5 Nc4 56. h6 gxh6 57. gxh6 Nb6 58. Nxe6 Kg6 59. Kb4 1-0

[Event "38th ECC Open 2023"]
[Site "Durres ALB"]
[Date "2023.10.01"]
[Round "1.5"]
[Board "2"]
[White "Bates, Richard A"]
[Black "Kryvoruchko, Yuriy"]
[Result "0-1"]
[WhiteTitle "IM"]
[BlackTitle "GM"]
[WhiteElo "2324"]
[BlackElo "2656"]
[WhiteTeam "Blackthorne"]
[BlackTeam "Schachclub Viernheim 1934 e.V."]
[WhiteFideId "403555"]
[BlackFideId "14109182"]
[EventDate "2023.10.01"]

1. d4 Nf6 2. Nf3 e6 3. c4 b6 4. g3 Bb7 5. Bg2 Bb4+ 6. Bd2 c5 7. Bxb4 cxb4 8. O-O
O-O 9. Qd3 d6 10. Nbd2 Re8 11. Rfd1 Qc7 12. a3 bxa3 13. Qxa3 Nbd7 14. Rac1 a5
15. Nb1 Rac8 16. Nc3 Qxc4 17. Ne5 dxe5 18. Bxb7 Rb8 19. Na2 Qxe2 20. Bf3 Qb5 21.
Bc6 Qa6 22. dxe5 Nxe5 23. Bxe8 Rxe8 24. Qe3 Nfg4 25. Qe4 f5 26. Qa4 b5 27. Qf4
h6 28. Rc7 Qb6 29. Rc3 b4 30. Rb3 Qc6 31. Nc1 a4 32. h3 axb3 33. hxg4 Nxg4 34.
Qxb4 Qc2 35. Qd4 Nxf2 0-1

[Event "38th ECC Open 2023"]
[Site "Durres ALB"]
[Date "2023.10.01"]
[Round "1.5"]
[Board "3"]
[White "Wagner, Dennis"]
[Black "Ledger, Dave J"]
[Result "1-0"]
[WhiteTitle "GM"]
[BlackTitle "FM"]
[WhiteElo "2589"]
[BlackElo "2188"]
[WhiteTeam "Schachclub Viernheim 1934 e.V."]
[BlackTeam "Blackthorne"]
[WhiteFideId "24650684"]
[BlackFideId "401986"]
[EventDate "2023.10.01"]

1. d4 Nf6 2. c4 e6 3. Nc3 Bb4 4. e3 d5 5. a3 Bxc3+ 6. bxc3 O-O 7. cxd5 exd5 8.
Bd3 c5 9. Ne2 Nc6 10. f3 Re8 11. O-O b6 12. Nf4 Ne7 13. g4 Ng6 14. Ra2 Nxf4 15.
exf4 cxd4 16. cxd4 Qd6 17. Rg2 Bd7 18. f5 Rac8 19. h4 Rc3 20. Qd2 Rec8 21. Bb2
Rb3 22. Re1 Bb5 23. Bxb5 Rxb5 24. Qe3 a5 25. g5 Nd7 26. a4 Rxb2 27. Rxb2 Qg3+
28. Rg2 Qxh4 29. Rg4 Qh5 30. Qf4 Rc3 31. Re8+ Nf8 32. Qd6 Rc1+ 33. Kf2 Rc2+ 34.
Ke3 1-0

[Event "38th ECC Open 2023"]
[Site "Durres ALB"]
[Date "2023.10.01"]
[Round "1.5"]
[Board "4"]
[White "Duncan, Chris R"]
[Black "Fedorchuk, Sergey A."]
[Result "0-1"]
[WhiteTitle "FM"]
[BlackTitle "GM"]
[WhiteElo "2175"]
[BlackElo "2564"]
[WhiteTeam "Blackthorne"]
[BlackTeam "Schachclub Viernheim 1934 e.V."]
[WhiteFideId "403091"]
[BlackFideId "14102536"]
[EventDate "2023.10.01"]

1. c4 e5 2. Nc3 Bb4 3. Nd5 a5 4. a3 Bc5 5. e3 Nf6 6. d4 Nxd5 7. cxd5 exd4 8.
exd4 Bb6 9. Nf3 O-O 10. Bg5 Qe8+ 11. Be2 h6 12. Bh4 d6 13. O-O Qe4 14. h3 Qxd5
15. Rc1 Nc6 16. Re1 Nxd4 17. Nxd4 Qxd4 18. Qxd4 Bxd4 19. Rxc7 Re8 20. Bg3 Bxb2
21. Bxd6 Re6 22. Bc5 Bc3 23. Rd1 Rxe2 24. Rd8+ Kh7 25. Rcxc8 Rxc8 26. Rxc8 Re1+
27. Kh2 Be5+ 28. g3 Rc1 0-1

[Event "38th ECC Open 2023"]
[Site "Durres ALB"]
[Date "2023.10.01"]
[Round "1.5"]
[Board "5"]
[White "Maze, Sebastien"]
[Black "Nelson, Jonathan P"]
[Result "1/2-1/2"]
[WhiteTitle "GM"]
[WhiteElo "2546"]
[BlackElo "2132"]
[WhiteTeam "Schachclub Viernheim 1934 e.V."]
[BlackTeam "Blackthorne"]
[WhiteFideId "613762"]
[BlackFideId "404195"]
[EventDate "2023.10.01"]

1. e4 e6 2. d4 d5 3. e5 c5 4. c3 Nc6 5. Nf3 Bd7 6. Be2 Nh6 7. Bxh6 gxh6 8. O-O
Bg7 9. Na3 O-O 10. Nc2 cxd4 11. cxd4 f6 12. exf6 Qxf6 13. b4 Be8 14. b5 Ne7 15.
Ne3 Ng6 16. Bd3 h5 17. Rc1 Qf4 18. a4 h4 19. Be2 Qd6 20. g3 a6 21. Re1 axb5 22.
Bxb5 Bxb5 23. axb5 Ra3 24. Ng5 h6 25. Qh5 e5 26. Nf3 Qf6 27. dxe5 Qxf3 28. Ng4
Qf5 29. Qxf5 Rxf5 30. e6 hxg3 31. e7 gxf2+ 32. Nxf2 Nxe7 33. Rxe7 Bd4 34. Rc8+
Rf8 35. Rxf8+ Kxf8 36. Rxb7 Ra2 37. Rd7 Bxf2+ 38. Kh1 Ra7 39. Rxd5 Kg7 40. Kg2
Bb6 41. Kf3 Rf7+ 42. Kg4 Be3 43. Rd3 Bg5 44. Rb3 Kg6 45. b6 h5+ 46. Kg3 Bf4+ 47.
Kg2 Rb7 48. Rb5 Bb8 49. h4 Kh6 50. Rb3 Rg7+ 51. Kh3 Rg6 52. b7 Kh7 53. Rd3 Rg7
54. Rb3 Kg8 55. Rd3 Rxb7 56. Rd5 Rb3+ 57. Kg2 Kf7 58. Rxh5 Kg6 59. Rg5+ Kh6 60.
Rf5 Rb4 61. Kh3 Rb3+ 62. Kg2 Rg3+ 63. Kf2 Rg7 64. Rg5 Rf7+ 65. Kg2 Bf4 66. Rc5
Rf6 67. Rb5 Rg6+ 68. Kf3 Bd6 69. Rg5 Rf6+ 70. Kg2 Rf4 71. Kh3 Be7 72. Rg4 Rf5
73. Re4 Bf6 1/2-1/2

[Event "38th ECC Open 2023"]
[Site "Durres ALB"]
[Date "2023.10.01"]
[Round "1.5"]
[Board "6"]
[White "Ledger, Stephen C"]
[Black "Libiszewski, Fabien"]
[Result "0-1"]
[BlackTitle "GM"]
[WhiteElo "1994"]
[BlackElo "2496"]
[WhiteTeam "Blackthorne"]
[BlackTeam "Schachclub Viernheim 1934 e.V."]
[WhiteFideId "404470"]
[BlackFideId "616834"]
[EventDate "2023.10.01"]

1. d4 Nf6 2. Bg5 c5 3. Bxf6 exf6 4. c3 d5 5. Nf3 Nc6 6. e3 Be6 7. dxc5 Bxc5 8.
Nbd2 O-O 9. Nb3 Bb6 10. Be2 f5 11. O-O Qf6 12. Qd2 Rad8 13. Nbd4 g5 14. g3 Bc7
15. Rad1 f4 16. exf4 gxf4 17. Rfe1 Ne7 18. Nh4 Ng6 19. Nxg6 hxg6 20. Nxe6 fxe6
21. Bg4 e5 22. gxf4 e4 23. h3 Bxf4 24. Qd4 Be5 25. Qe3 d4 26. cxd4 Bxd4 27. Qb3+
Kh8 28. Rxe4 Bxf2+ 29. Kg2 Rxd1 30. Qxd1 Qxb2 31. Re2 Qf6 32. Qd2 Qc6+ 33. Kh2
Qc7+ 34. Kh1 Bc5 35. Qh6+ Qh7 36. Qxh7+ Kxh7 37. Rd2 Kh6 38. Rd7 Rf2 39. a4 Rb2
40. Bf3 Rb4 41. Rxb7 Rxa4 42. Rb2 Ra1+ 43. Kg2 a5 44. Rc2 Bd4 45. Be4 Re1 46.
Bc6 Kg5 47. Rd2 Bc3 48. Rd3 Bb4 49. Bd7 Kf6 50. Kf3 Ra1 51. Kg4 a4 52. Rf3+ Ke7
53. Bxa4 Rxa4 54. Rf4 Ke6 55. h4 Kd5 56. h5 g5 57. Rf5+ Ke6 58. Rb5 Be7+ 59. Kg3
Rh4 60. h6 Bd6+ 61. Kg2 g4 62. Rg5 Kf6 63. Rg8 Rh2+ 64. Kg1 g3 0-1

[Event "38th ECC Open 2023"]
[Site "Durres ALB"]
[Date "2023.10.01"]
[Round "1.6"]
[Board "1"]
[White "Ostenstad, Berge"]
[Black "Donchenko, Alexander"]
[Result "1/2-1/2"]
[WhiteTitle "GM"]
[BlackTitle "GM"]
[WhiteElo "2441"]
[BlackElo "2676"]
[WhiteTeam "Asker Schakklubb"]
[BlackTeam "Turkish Airlines Sports Club"]
[WhiteFideId "1500058"]
[BlackFideId "24603295"]
[EventDate "2023.10.01"]

1. Nf3 d5 2. d4 Nf6 3. c4 e6 4. Nc3 dxc4 5. e3 a6 6. a4 Bb4 7. Bxc4 b6 8. O-O
Bb7 9. Qe2 O-O 10. Rd1 Qe7 11. Ne5 Nbd7 12. Nd3 Ba5 13. Bd2 c5 14. Be1 Rfc8 15.
Ba2 c4 16. Ne5 Bxc3 17. Bxc3 Nxe5 18. dxe5 Nd5 19. Bd4 b5 20. Rac1 Qb4 21. axb5
axb5 22. Bb1 Ne7 23. h4 Nf5 24. Bxf5 exf5 25. Qh5 Be4 26. e6 Qf8 27. f3 Bd3 28.
exf7+ Qxf7 29. Qg5 Rc6 30. Ra1 Rcc8 31. Qf4 Qe7 32. Rac1 h6 33. b3 Rd8 34. bxc4
bxc4 35. Ra1 Kh7 36. Rxa8 Rxa8 37. Ra1 Rxa1+ 38. Bxa1 Qb4 39. Qd4 Qe7 40. Bc3
Qc7 41. Qe5 Qxe5 42. Bxe5 g5 43. hxg5 hxg5 44. Kf2 Kg6 45. Bc3 Kf7 46. Ke1 Ke6
47. Kf2 Kd5 48. Ke1 Kc5 49. Kd2 Bf1 50. Bf6 Bxg2 51. Bxg5 Bxf3 52. Kc3 Kd5 1/2-1/2

[Event "38th ECC Open 2023"]
[Site "Durres ALB"]
[Date "2023.10.01"]
[Round "1.6"]
[Board "2"]
[White "Vallejo Pons, Francisco"]
[Black "Tisdall, Jonathan D"]
[Result "1-0"]
[WhiteTitle "GM"]
[BlackTitle "GM"]
[WhiteElo "2680"]
[BlackElo "2381"]
[WhiteTeam "Turkish Airlines Sports Club"]
[BlackTeam "Asker Schakklubb"]
[WhiteFideId "2205530"]
[BlackFideId "1500066"]
[EventDate "2023.10.01"]

1. e4 c5 2. Nf3 e6 3. d4 cxd4 4. Nxd4 a6 5. Bd3 g6 6. O-O Bg7 7. c3 Nc6 8. Nxc6
bxc6 9. f4 d5 10. Be3 Nf6 11. e5 Nd7 12. Nd2 a5 13. Qe2 c5 14. Bb5 O-O 15. Nb3
c4 16. Nd4 Qc7 17. Bxd7 Bxd7 18. Rf2 f6 19. exf6 Rxf6 20. Nf3 Rxf4 21. Bxf4 Qxf4
22. Re1 Qd6 23. Ne5 Re8 24. Qe3 Re7 25. g4 Ba4 26. g5 Bd7 27. Qf4 Qb6 28. Nxd7 1-0

[Event "38th ECC Open 2023"]
[Site "Durres ALB"]
[Date "2023.10.01"]
[Round "1.6"]
[Board "3"]
[White "Strand, Vetle Bjorge"]
[Black "Bluebaum, Matthias"]
[Result "0-1"]
[BlackTitle "GM"]
[WhiteElo "2094"]
[BlackElo "2668"]
[WhiteTeam "Asker Schakklubb"]
[BlackTeam "Turkish Airlines Sports Club"]
[WhiteFideId "1550071"]
[BlackFideId "24651516"]
[EventDate "2023.10.01"]

1. e4 c6 2. d4 d5 3. exd5 cxd5 4. Bd3 Nf6 5. c3 Bg4 6. Qb3 Qc7 7. h3 Bh5 8. Ne2
Bxe2 9. Bxe2 e6 10. O-O Bd6 11. Na3 a6 12. c4 Nc6 13. c5 Be7 14. Nc2 O-O 15. Bf3
a5 16. Qc3 b6 17. cxb6 Qxb6 18. Bf4 Rfc8 19. Qd3 Ne8 20. Rab1 Bf6 21. Rfd1 Nc7
22. Be2 Rab8 23. g3 Rb7 24. Kg2 Nb5 25. Qxb5 Qxb5 26. Bxb5 Rxb5 27. Bd6 h6 28.
Rd2 Be7 29. Bxe7 Nxe7 30. Ne1 Nf5 31. Kf1 Nd6 32. Rc2 Rc4 33. Rd2 Ne4 34. Rd3
Nc3 35. Rc1 Nxa2 36. Rxc4 dxc4 37. Ra3 Rxb2 38. Rxa5 Nc3 39. Rc5 Ne4 40. Rc8+
Kh7 41. Kg1 Nxf2 42. Rxc4 Nxh3+ 43. Kh1 Nf2+ 44. Kg1 Ne4 0-1

[Event "38th ECC Open 2023"]
[Site "Durres ALB"]
[Date "2023.10.01"]
[Round "1.6"]
[Board "4"]
[White "Cheparinov, Ivan"]
[Black "Diesen, Bruce"]
[Result "1-0"]
[WhiteTitle "GM"]
[BlackTitle "FM"]
[WhiteElo "2658"]
[BlackElo "2122"]
[WhiteTeam "Turkish Airlines Sports Club"]
[BlackTeam "Asker Schakklubb"]
[WhiteFideId "2905540"]
[BlackFideId "1500139"]
[EventDate "2023.10.01"]

1. e4 c5 2. Nf3 d6 3. d4 cxd4 4. Nxd4 Nf6 5. Nc3 a6 6. Be3 e5 7. Nb3 Be6 8. f3
Nbd7 9. g4 b5 10. a4 b4 11. Nd5 Bxd5 12. exd5 Nb6 13. Bg1 h6 14. f4 Be7 15. a5
Nbd7 16. Qf3 Qc7 17. O-O-O exf4 18. Qxf4 Rc8 19. Rd2 Nxd5 20. Qe4 N7f6 21. Qf3
Qc6 22. h4 g6 23. g5 Nh5 24. Qxd5 Qxd5 25. Rxd5 Ng3 26. Bxa6 Nxh1 27. Bxc8 O-O
28. Bb7 hxg5 29. hxg5 Ng3 30. Kd1 1-0

[Event "38th ECC Open 2023"]
[Site "Durres ALB"]
[Date "2023.10.01"]
[Round "1.6"]
[Board "5"]
[White "Aulin-Jansson, Joran"]
[Black "Santos Latasa, Jaime"]
[Result "0-1"]
[WhiteTitle "FM"]
[BlackTitle "GM"]
[WhiteElo "2098"]
[BlackElo "2650"]
[WhiteTeam "Asker Schakklubb"]
[BlackTeam "Turkish Airlines Sports Club"]
[WhiteFideId "1500279"]
[BlackFideId "2293307"]
[EventDate "2023.10.01"]

1. e4 c5 2. Nc3 Nc6 3. f4 g6 4. Nf3 Bg7 5. Bc4 e6 6. f5 Nge7 7. fxe6 fxe6 8. a3
O-O 9. O-O Nd4 10. d3 Nec6 11. Nxd4 Rxf1+ 12. Qxf1 Nxd4 13. Qf2 Qf8 14. Qxf8+
Bxf8 15. Bb3 b6 16. Be3 Bg7 17. Bxd4 Bxd4+ 18. Kf1 Bb7 19. Ke2 a6 20. Rf1 b5 21.
Nd1 Be5 22. g3 Bc6 23. c3 Rb8 24. Ke3 Bg7 25. Bc2 a5 26. d4 cxd4+ 27. cxd4 b4
28. Rf3 g5 29. g4 h6 30. h3 Rb6 31. Rf1 bxa3 32. bxa3 Bf8 33. a4 Rb4 34. Nc3 Bg7
35. Rd1 Rc4 0-1

[Event "38th ECC Open 2023"]
[Site "Durres ALB"]
[Date "2023.10.01"]
[Round "1.6"]
[Board "6"]
[White "Gurel, Ediz"]
[Black "Hammerstad, Asmund"]
[Result "1-0"]
[WhiteTitle "IM"]
[BlackTitle "CM"]
[WhiteElo "2514"]
[BlackElo "2193"]
[WhiteTeam "Turkish Airlines Sports Club"]
[BlackTeam "Asker Schakklubb"]
[WhiteFideId "44507356"]
[BlackFideId "1502140"]
[EventDate "2023.10.01"]

1. e4 e6 2. d4 d5 3. Nd2 a6 4. Ngf3 Nf6 5. e5 Nfd7 6. Bd3 c5 7. c3 Nc6 8. O-O b5
9. Re1 Be7 10. Nf1 g5 11. dxc5 Nxc5 12. Bc2 Bb7 13. Qe2 Nd7 14. a4 b4 15. Bd2 a5
16. Bd3 g4 17. Nd4 Ncxe5 18. Bb5 O-O 19. Bh6 Bf6 20. Ne3 bxc3 21. bxc3 Kh8 22.
Bxf8 Nxf8 23. Nxg4 Nxg4 24. Qxg4 Ng6 25. Rab1 Qc7 26. Qf3 Bg7 27. Bd3 Rc8 28.
Bxg6 hxg6 29. Nb5 Qd7 30. Nd6 Rc7 31. Qg3 Kg8 32. h4 Bxc3 33. Rxb7 Bxe1 34. Rb8+ 1-0

[Event "38th ECC Open 2023"]
[Site "Durres ALB"]
[Date "2023.10.01"]
[Round "1.7"]
[Board "1"]
[White "Nihal, Sarin"]
[Black "Bosiocic, Marin"]
[Result "1-0"]
[WhiteTitle "GM"]
[BlackTitle "GM"]
[WhiteElo "2694"]
[BlackElo "2534"]
[WhiteTeam "TAJFUN SK Ljubljana"]
[BlackTeam "Chess Club Dardania"]
[WhiteFideId "25092340"]
[BlackFideId "14507927"]
[EventDate "2023.10.01"]

1. d4 Nf6 2. Nf3 d5 3. c4 e6 4. Nc3 Bb4 5. e3 O-O 6. Bd2 Re8 7. Be2 Bf8 8. O-O
b6 9. cxd5 exd5 10. Ne5 Bb7 11. f4 c5 12. Be1 Nc6 13. Kh1 a6 14. Bh4 Be7 15. Bd3
g6 16. f5 Nxe5 17. dxe5 Nd7 18. Bg3 Bh4 19. e6 fxe6 20. fxe6 Nf8 21. Rf7 Bxg3
22. hxg3 Bc6 23. Qg4 Qd6 24. Raf1 Rxe6 25. e4 d4 26. Bc4 dxc3 27. Qg5 Be8 28.
Rxf8+ Kg7 29. e5 Qd8 30. Qxd8 Rxd8 31. Bxe6 c2 32. Rg8+ Kh6 33. Bb3 1-0

[Event "38th ECC Open 2023"]
[Site "Durres ALB"]
[Date "2023.10.01"]
[Round "1.7"]
[Board "2"]
[White "Saraci, Korab"]
[Black "Volokitin, Andrei"]
[Result "0-1"]
[BlackTitle "GM"]
[WhiteElo "2180"]
[BlackElo "2664"]
[WhiteTeam "Chess Club Dardania"]
[BlackTeam "TAJFUN SK Ljubljana"]
[WhiteFideId "4701968"]
[BlackFideId "14107090"]
[EventDate "2023.10.01"]

1. e4 c5 2. Nf3 d6 3. Nc3 Nf6 4. d4 cxd4 5. Qxd4 Nc6 6. Bb5 e5 7. Qd3 a6 8. Ba4
h6 9. a3 Be7 10. h3 O-O 11. Bb3 Be6 12. Nd5 Bxd5 13. Bxd5 Nxd5 14. Qxd5 Qa5+ 15.
Qxa5 Nxa5 16. Bd2 Nc4 17. Bc3 f5 18. exf5 Rxf5 19. O-O Rc8 20. Rfd1 Rf4 21. Nd2
Kf7 22. Nb3 Ke6 23. Nc1 d5 24. Nd3 Re4 25. Re1 Nxa3 26. f3 Rxe1+ 27. Rxe1 Nxc2
28. Rxe5+ Kd6 29. Nf4 d4 30. Rd5+ 0-1

[Event "38th ECC Open 2023"]
[Site "Durres ALB"]
[Date "2023.10.01"]
[Round "1.7"]
[Board "3"]
[White "Erdos, Viktor"]
[Black "Krasniqi, Alban"]
[Result "1-0"]
[WhiteTitle "GM"]
[WhiteElo "2559"]
[BlackElo "2160"]
[WhiteTeam "TAJFUN SK Ljubljana"]
[BlackTeam "Chess Club Dardania"]
[WhiteFideId "719978"]
[BlackFideId "22101381"]
[EventDate "2023.10.01"]

1. Nf3 d5 2. d4 Nf6 3. c4 e6 4. Bg5 Bb4+ 5. Nc3 dxc4 6. e4 c5 7. e5 cxd4 8. Nxd4
Qa5 9. exf6 Qxg5 10. Qa4+ Nc6 11. Nxc6 Bxc3+ 12. bxc3 Bd7 13. Qb4 Qxf6 14. Na5
Qe5+ 15. Be2 b5 16. Rd1 h5 17. O-O Qxe2 18. Qd6 h4 19. Rd2 Qh5 20. Qxd7+ Kf8 21.
Nc6 Kg8 22. h3 Kh7 23. Re1 Rac8 24. Rd4 Rhe8 25. Ree4 g5 26. Ne5 Kg7 27. Rg4 Kf6
28. Nxf7 Rg8 29. Nd6 Rgd8 30. Ne4+ Ke5 31. Qg7+ 1-0

[Event "38th ECC Open 2023"]
[Site "Durres ALB"]
[Date "2023.10.01"]
[Round "1.7"]
[Board "4"]
[White "Budima, Armend"]
[Black "Saric, Ivan"]
[Result "0-1"]
[WhiteTitle "CM"]
[BlackTitle "GM"]
[WhiteElo "2165"]
[BlackElo "2647"]
[WhiteTeam "Chess Club Dardania"]
[BlackTeam "TAJFUN SK Ljubljana"]
[WhiteFideId "3612236"]
[BlackFideId "14508150"]
[EventDate "2023.10.01"]

1. e4 c5 2. Nc3 Nc6 3. f4 e6 4. Nf3 d5 5. Bb5 Nf6 6. Qe2 Be7 7. O-O O-O 8. Bxc6
bxc6 9. d3 a5 10. Ne5 Qc7 11. Kh1 Ba6 12. Ng4 Nxg4 13. Qxg4 dxe4 14. Be3 exd3
15. cxd3 Bxd3 16. Rf2 a4 17. Rd2 Rfd8 18. Qd1 Bb5 19. Ne4 Rxd2 20. Qxd2 Rd8 21.
Qf2 Qd7 22. Rc1 Qd5 23. Nc3 Qf5 24. h3 h5 25. Kg1 Rd3 26. Nxb5 cxb5 27. Bxc5 Bf6
28. Bb6 g6 29. Rc8+ Kg7 30. Rc2 e5 31. fxe5 Rd1+ 32. Kh2 Bxe5+ 33. g3 Qe4 34.
Qg2 Bxg3+ 35. Kxg3 h4+ 0-1

[Event "38th ECC Open 2023"]
[Site "Durres ALB"]
[Date "2023.10.01"]
[Round "1.7"]
[Board "5"]
[White "Brkic, Ante"]
[Black "Hamiti, Gani"]
[Result "1-0"]
[WhiteTitle "GM"]
[BlackTitle "FM"]
[WhiteElo "2606"]
[BlackElo "2124"]
[WhiteTeam "TAJFUN SK Ljubljana"]
[BlackTeam "Chess Club Dardania"]
[WhiteFideId "14506688"]
[BlackFideId "4701194"]
[EventDate "2023.10.01"]

1. e4 e5 2. Nf3 Nc6 3. Bc4 Nf6 4. d3 h6 5. c3 g5 6. d4 exd4 7. e5 d5 8. Bb5 Ne4
9. Nxd4 Bd7 10. Bxc6 bxc6 11. O-O Bg7 12. f3 Nc5 13. f4 Qe7 14. Be3 gxf4 15.
Bxf4 Bxe5 16. Bxe5 Qxe5 17. Qf3 O-O-O 18. Nd2 Qg5 19. b4 Ne6 20. N2b3 Rhg8 21.
Rf2 Rde8 22. Nxe6 fxe6 23. Nc5 e5 24. Raf1 e4 25. Qe2 Rg7 26. Qa6+ Kd8 27. Nb7+
Ke7 28. Qxa7 Reg8 29. Qc5+ Ke6 30. Qd4 Ke7 31. Qc5+ Ke6 32. c4 Qe5 33. Qe3 Qg5
34. Qc5 Qe5 35. b5 e3 36. Rf6+ Qxf6 37. Qxe3+ Qe5 38. Nc5+ Kd6 39. Rf6+ Be6 40.
Nb7+ Kd7 41. Qxe5 Rxg2+ 42. Kf1 Rg1+ 43. Ke2 R8g2+ 44. Kd3 dxc4+ 45. Kc3 Rc1+
46. Kb4 Rb1+ 47. Ka3 1-0

[Event "38th ECC Open 2023"]
[Site "Durres ALB"]
[Date "2023.10.01"]
[Round "1.7"]
[Board "6"]
[White "Saraci, Osman"]
[Black "Sebenik, Matej"]
[Result "0-1"]
[BlackTitle "GM"]
[WhiteElo "2118"]
[BlackElo "2523"]
[WhiteTeam "Chess Club Dardania"]
[BlackTeam "TAJFUN SK Ljubljana"]
[WhiteFideId "4701933"]
[BlackFideId "14602296"]
[EventDate "2023.10.01"]

1. e4 c5 2. Nf3 d6 3. Bc4 Nf6 4. Qe2 Nc6 5. e5 dxe5 6. Nxe5 Nxe5 7. Qxe5 e6 8.
Bb5+ Nd7 9. d4 a6 10. Bxd7+ Bxd7 11. d5 Qb8 12. Qxb8+ Rxb8 13. Bf4 Rd8 14. Nc3
exd5 15. Nxd5 Bc6 16. Ne3 f6 17. O-O Kf7 18. Rad1 Be7 19. Bc7 Rxd1 20. Rxd1 Rc8
21. Bd6 g6 22. Bxe7 Kxe7 23. Nd5+ Kf7 24. Nb6 Re8 25. Nc4 Re7 26. f3 Re2 27. Rd2
Rxd2 28. Nxd2 Ke6 29. Kf2 b5 30. Ke3 Bd5 31. b3 b4 32. Kd3 f5 33. Ke3 Bc6 34. g3
a5 35. Nc4 a4 36. f4 a3 37. Ne5 Be4 38. Nd3 Kd5 39. Ne1 c4 40. bxc4+ Kxc4 41.
Kd2 Kd4 42. Kd1 Ke3 43. h3 h6 44. g4 fxg4 45. hxg4 Kxf4 0-1

[Event "38th ECC Open 2023"]
[Site "Durres ALB"]
[Date "2023.10.01"]
[Round "1.8"]
[Board "1"]
[White "Pijpers, Arthur"]
[Black "Yankelevich, Lev"]
[Result "0-1"]
[WhiteTitle "IM"]
[BlackTitle "GM"]
[WhiteElo "2433"]
[BlackElo "2399"]
[WhiteTeam "LSG Leiden"]
[BlackTeam "CE Le Cavalier Differdange"]
[WhiteFideId "1019554"]
[BlackFideId "24684074"]
[EventDate "2023.10.01"]

1. e4 e6 2. d4 d5 3. Nc3 Nf6 4. e5 Nfd7 5. f4 c5 6. Nf3 Nc6 7. Be3 a6 8. Ne2 Qb6
9. Qc1 Be7 10. c3 O-O 11. g3 Qa5 12. a3 Nxd4 13. Nexd4 cxd4 14. Nxd4 Qc7 15. Bg2
Nc5 16. O-O Bd7 17. Qc2 Rad8 18. Rae1 Kh8 19. f5 exf5 20. Nxf5 Bb5 21. Rf4 Nd3
22. Nxe7 Nxf4 23. gxf4 Qxe7 24. Qf2 Rfe8 25. Bc5 Qd7 26. f5 Bd3 27. Bh3 Qc6 28.
e6 fxe6 29. f6 Bf5 30. Be7 Bxh3 31. Qg3 Rxe7 32. fxe7 Qc5+ 33. Kh1 Qxe7 34. Qxh3
e5 35. Qe3 e4 36. Rd1 h6 37. Qd4 Qf7 38. Qe3 Qf6 39. c4 dxc4 40. Rxd8+ Qxd8 41.
Qxe4 Qd1+ 42. Kg2 Qd2+ 43. Kf3 Qd3+ 0-1

[Event "38th ECC Open 2023"]
[Site "Durres ALB"]
[Date "2023.10.01"]
[Round "1.8"]
[Board "2"]
[White "Salles, Louis"]
[Black "Van Haastert, Edwin"]
[Result "1/2-1/2"]
[WhiteTitle "FM"]
[BlackTitle "IM"]
[WhiteElo "2318"]
[BlackElo "2427"]
[WhiteTeam "CE Le Cavalier Differdange"]
[BlackTeam "LSG Leiden"]
[WhiteFideId "20641826"]
[BlackFideId "1003992"]
[EventDate "2023.10.01"]

1. e4 e6 2. d4 d5 3. e5 c5 4. c3 Nc6 5. Nf3 Bd7 6. Be2 Nge7 7. O-O cxd4 8. cxd4
Nf5 9. Nc3 Rc8 10. Kh1 a6 11. a3 Qb6 12. Be3 Na5 13. Rb1 Qb3 14. Qd3 Qb6 15. Qd1
Qb3 16. Qd3 Qb6 17. Qd1 1/2-1/2

[Event "38th ECC Open 2023"]
[Site "Durres ALB"]
[Date "2023.10.01"]
[Round "1.8"]
[Board "3"]
[White "De Jong, Jan-Willem"]
[Black "Cahen, Alexis"]
[Result "1-0"]
[WhiteTitle "IM"]
[WhiteElo "2412"]
[BlackElo "2049"]
[WhiteTeam "LSG Leiden"]
[BlackTeam "CE Le Cavalier Differdange"]
[WhiteFideId "1008641"]
[BlackFideId "26076918"]
[EventDate "2023.10.01"]

1. c4 c5 2. g3 g6 3. Bg2 Bg7 4. Nc3 Nc6 5. Nf3 e5 6. a3 a5 7. d3 Nge7 8. O-O O-O
9. Ne1 d6 10. Nc2 Be6 11. Ne3 Qd7 12. Ned5 Rab8 13. Rb1 Bh3 14. Bd2 Bxg2 15.
Kxg2 Nxd5 16. Nxd5 b5 17. b4 axb4 18. axb4 cxb4 19. Bxb4 Rfc8 20. Ba3 Qe6 21.
Ne3 Bh6 22. cxb5 Nd4 23. b6 Rc6 24. b7 Ra6 25. Nc4 Bf8 26. e3 Qd5+ 27. e4 Qc6
28. Bb2 Rxb7 29. Bxd4 Rxb1 30. Qxb1 exd4 31. Rc1 Qa4 32. Qb2 Bg7 33. Nb6 Qa5 34.
Rc8+ Bf8 35. Nd7 Ra8 36. Qb7 Ra7 37. Rxf8+ Kg7 38. Rg8+ Kh6 39. Qc8 Qd2 40. Ne5
Qe2 41. Qh3+ Qh5 42. Ng4+ 1-0